zpět

Detail výsledku týmu

Bartolomějka, Kolín

Datum a čas kvízu

27.5 Celkem bodů Celkový počet nahraných bodů na tomto kvízu bez doplňovacích otázek.
5. Pořadí na kvízu Konečné umístění týmu na tomto kvízu.

Zaznamenané odpovědi

# Otázka Odpověď Body Výsledky
1. Pražský Cross Club lákal zákaz... natáčením studentského filmu 1
2. Strana hájící zájmy původních... Nový Zéland 1
3. V pondělí bylo v pražském hist... Divadlo Lucie Bílé 0
4. Velká potravinářská společnost... PepsiCo 1
5. Jak se jmenuje dánský fotbalov... FC Midtjylland (čteme mitjulend) 0
6. Podle zdroje vody se rybníky d... říční rybník 0
7. Na obrázku vidíme dravou rybu,... candát 0
8. Největší český rybník mimo již... Máchovo jezero, též (Velký) Dokeský rybník 1
9. Většina rybníků disponuje jist... česle / česlice 0
10. Největším českým rybníkem je s... Lužnice 1